Statistiques concernant Frontières du Brésil - Sprint de une minute

Cliquez ici pour prendre le quiz!

Statistiques générales

  • Ce quiz a été pris 274 fois
  • Le résultat moyen est 10 sur 10

Statistiques - réponses

Pays% Correct
Argentine
100%
Uruguay
98%
Bolivie
97%
Colombie
97%
Paraguay
97%
Pérou
97%
Venezuela
96%
Guyana
94%
Suriname
92%
France (Guyane)
91%

Distribution des résultats

Percentile par nombre de réponses

% des personnes avec chaque résultat

Votre développement - résultats

Vous n’avez pas pris ce quiz